[Event "Najdorf Festival op"]
[Site "Buenos Aires"]
[Date "1998.11.01"]
[Round "9"]
[White "Rodriguez Vila, Andres"]
[Black "Minzer, Claudio Javier"]
[Result "1-0"]
[WhiteElo "2490"]
[BlackElo "2390"]
[PlyCount "67"]
[EventDate "1998.10.??"]
[EventType "swiss"]
[EventRounds "9"]
[EventCountry "ARG"]
[SourceTitle "CBM 067 Extra"]
[Source "ChessBase"]
[SourceDate "1999.01.01"]
[SourceVersion "1"]
[SourceVersionDate "1999.01.01"]
[SourceQuality "1"]

1. e4 c5 2. Nc3 Nc6 3. g3 g6 4. Bg2 Bg7 5. f4 d6 6. d3 e6 7. Nf3 Nge7 8. O-O
O-O 9. Be3 b6 10. d4 d5 11. exd5 exd5 12. dxc5 Ba6 13. Re1 d4 14. Nxd4 Nxd4 15.
Bxa8 Qxa8 16. Bxd4 Rd8 17. Bxg7 Rxd1 18. Raxd1 Kxg7 19. Rxe7 Qf3 20. Rde1 Bb7
21. Ne4 Bxe4 22. R7xe4 bxc5 23. Re7 Qd5 24. Rxa7 Qd4+ 25. Kf1 Qxb2 26. Ree7
Qc1+ 27. Kg2 Qxc2+ 28. Kh3 Qf5+ 29. g4 Qd3+ 30. Kh4 Qd8 31. Rad7 Qa5 32. Rxf7+
Kg8 33. Rg7+ Kh8 34. Rge7 1-0

[Event "Buenos Aires FMDA-chT"]
[Site "Buenos Aires"]
[Date "1998.??.??"]
[Round "1"]
[White "Rodriguez Vila, Andres"]
[Black "Montes de Oca, Juan Jose"]
[Result "1-0"]
[WhiteElo "2490"]
[BlackElo "2140"]
[PlyCount "43"]
[EventDate "1998.11.??"]
[EventType "team"]
[EventRounds "7"]
[EventCountry "ARG"]
[SourceTitle "EXT 2002"]
[Source "ChessBase"]
[SourceDate "2001.11.25"]
[SourceVersion "1"]
[SourceVersionDate "2001.11.25"]
[SourceQuality "1"]

1. e4 e5 2. f4 exf4 3. Nf3 d6 4. Bc4 g5 5. h4 g4 6. Ng5 Nh6 7. d4 Bg7 8. Bxf4
Nc6 9. c3 Qe7 10. O-O Bd7 11. Na3 O-O-O 12. Qd2 Rdf8 13. Rae1 Ng8 14. e5 dxe5
15. dxe5 Nd8 16. Qe3 b6 17. b4 Ne6 18. Qe4 Kb8 19. Ba6 c6 20. Nb5 Nxf4 21. Qxf4
Be6 22. Nd4 1-0

[Event "Villa Martelli op"]
[Site "Villa Martelli"]
[Date "1998.11.09"]
[Round "5"]
[White "Rodriguez Vila, Andres"]
[Black "Quiroga, Facundo"]
[Result "1-0"]
[WhiteElo "2490"]
[BlackElo "2370"]
[PlyCount "55"]
[EventDate "1998.11.05"]
[EventType "swiss"]
[EventRounds "5"]
[EventCountry "ARG"]
[SourceTitle "EXT 2000"]
[Source "ChessBase"]
[SourceDate "1999.11.16"]
[SourceVersion "1"]
[SourceVersionDate "1999.11.16"]
[SourceQuality "1"]

1. e4 c5 2. Nc3 d6 3. f4 Nc6 4. Nf3 g6 5. Bc4 Bg7 6. O-O e6 7. f5 exf5 8. Qe1
Nge7 9. exf5 O-O 10. fxg6 hxg6 11. Ng5 Nf5 12. Rxf5 Bxf5 13. Qh4 Re8 14. Bxf7+
Kf8 15. d3 Nd4 16. Qh7 Ne2+ 17. Nxe2 Rxe2 18. Qg8+ Ke7 19. Qxg7 Qh8 20. Qxh8
Rxh8 21. Bb3 c4 22. Bxc4 Rxc2 23. Nf3 a6 24. Nd4 b5 25. Nxc2 bxc4 26. Nb4 cxd3
27. Bg5+ Kd7 28. Re1 1-0

[Event "Buenos Aires op"]
[Site "Buenos Aires"]
[Date "1999.??.??"]
[Round "2"]
[White "Villanueva, Matias"]
[Black "Rodriguez Vila, Andres"]
[Result "0-1"]
[WhiteElo "2035"]
[BlackElo "2500"]
[PlyCount "78"]
[EventDate "1999.??.??"]
[EventType "swiss"]
[EventRounds "9"]
[EventCountry "ARG"]
[SourceTitle "EXT 2001"]
[Source "ChessBase"]
[SourceDate "2000.11.22"]
[SourceVersion "1"]
[SourceVersionDate "2000.11.22"]
[SourceQuality "1"]

1. d4 f5 2. Bg5 d5 3. e3 c6 4. Nd2 Qb6 5. Bd3 Qxb2 6. Ngf3 g6 7. h4 Bg7 8. h5
h6 9. Bf4 g5 10. Be5 Nf6 11. g4 fxg4 12. Bg6+ Kf8 13. Bxb8 gxf3 14. Be5 g4 15.
O-O b6 16. Kh1 Rg8 17. Rg1 Nxh5 18. Bxg7+ Rxg7 19. Bxh5 Rg5 20. Bg6 Rxg6 21.
Nxf3 Rg7 22. Ne5 Bf5 23. Nd3 Qa3 24. Ne5 h5 25. c4 Qd6 26. cxd5 Qxd5+ 27. Kh2
c5 28. Re1 Rd8 29. Qa4 h4 30. Rad1 g3+ 31. fxg3 hxg3+ 32. Kg1 Rh7 33. e4 Bxe4
34. Rxe4 Qxe4 35. Rf1+ Kg8 36. Qb3+ Qd5 37. Qxg3+ Rg7 38. Ng6 Qxd4+ 39. Kg2
Qe4+ 0-1

[Event "Buenos Aires op"]
[Site "Buenos Aires"]
[Date "1999.??.??"]
[Round "6"]
[White "Fiorito, Fabian"]
[Black "Rodriguez Vila, Andres"]
[Result "1-0"]
[WhiteElo "2440"]
[BlackElo "2500"]
[PlyCount "53"]
[EventDate "1999.??.??"]
[EventType "swiss"]
[EventRounds "9"]
[EventCountry "ARG"]
[SourceTitle "EXT 2001"]
[Source "ChessBase"]
[SourceDate "2000.11.22"]
[SourceVersion "1"]
[SourceVersionDate "2000.11.22"]
[SourceQuality "1"]

1. f4 d5 2. Nf3 Nf6 3. g3 c5 4. Bg2 e6 5. O-O b5 6. d3 Bb7 7. c3 Nc6 8. Qe1 Qb6
9. Kh1 Be7 10. e4 dxe4 11. dxe4 O-O 12. e5 Nd5 13. Nbd2 Na5 14. Ne4 b4 15. g4
bxc3 16. bxc3 Nc4 17. f5 exf5 18. gxf5 f6 19. exf6 Nxf6 20. Neg5 Rfe8 21. Rb1
Qa6 22. Rxb7 Bf8 23. Qh4 h6 24. Ne6 Nd6 25. Rxg7+ Bxg7 26. Nxg7 Kxg7 27. Qxh6+
1-0

[Event "Santiago op"]
[Site "Santiago de Chile"]
[Date "1999.??.??"]
[Round "2"]
[White "Rodriguez Vila, Andres"]
[Black "Pescio, Sergio"]
[Result "1-0"]
[WhiteElo "2500"]
[BlackElo "2105"]
[PlyCount "39"]
[EventDate "1999.??.??"]
[EventType "swiss"]
[EventRounds "9"]
[EventCountry "CHI"]
[SourceTitle "EXT 2000"]
[Source "ChessBase"]
[SourceDate "1999.11.16"]
[SourceVersion "1"]
[SourceVersionDate "1999.11.16"]
[SourceQuality "1"]

1. e4 c5 2. Nf3 d6 3. d4 cxd4 4. Nxd4 Nf6 5. f3 a6 6. c4 g6 7. Nc3 Bg7 8. Be3
O-O 9. Be2 Nc6 10. Qd2 Nxd4 11. Bxd4 Be6 12. Rc1 Rc8 13. b3 Qa5 14. O-O Nd7 15.
Be3 Kh8 16. Qb2 b5 17. b4 Qc7 18. cxb5 Bxc3 19. Rxc3 Qxc3 20. Bd4+ 1-0

[Event "Santiago op"]
[Site "Santiago de Chile"]
[Date "1999.??.??"]
[Round "3"]
[White "Fuentes, Carlos"]
[Black "Rodriguez Vila, Andres"]
[Result "0-1"]
[WhiteElo "2195"]
[BlackElo "2500"]
[PlyCount "108"]
[EventDate "1999.??.??"]
[EventType "swiss"]
[EventRounds "9"]
[EventCountry "CHI"]
[SourceTitle "EXT 2000"]
[Source "ChessBase"]
[SourceDate "1999.11.16"]
[SourceVersion "1"]
[SourceVersionDate "1999.11.16"]
[SourceQuality "1"]

1. b3 e5 2. Bb2 Nc6 3. c4 g6 4. g3 Bg7 5. Bg2 Nge7 6. Nc3 d6 7. a3 Be6 8. e3
O-O 9. Nge2 d5 10. cxd5 Nxd5 11. O-O Qd7 12. Rc1 f5 13. Qc2 Rad8 14. Rfd1 Nb6
15. d4 Qf7 16. d5 Nxd5 17. Na4 Nxe3 18. fxe3 Bxb3 19. Qb1 Bxa4 20. Rxd8 Rxd8
21. Bc3 Qb3 22. Qxb3+ Bxb3 23. Bxc6 bxc6 24. Ba5 Rd3 25. Rxc6 Rxe3 26. Kf2 Rf3+
27. Ke1 Bd5 28. Rxc7 Rxa3 29. Rxa7 Ra1+ 30. Kf2 Bf8 31. Bb6 Rb1 32. Be3 Rh1 33.
Nc3 Rxh2+ 34. Kf1 Bc4+ 35. Kg1 Rc2 36. Ra8 Kf7 37. Nd1 Rg2+ 38. Kxg2 Bd5+ 39.
Kf1 Bxa8 40. Nf2 h6 41. Nd3 Kf6 42. Bb6 Bd6 43. Ba5 e4 44. Bc3+ Ke6 45. Nf4+
Kf7 46. Bd4 g5 47. Ne2 Kg6 48. Be3 Kh5 49. Kg2 Kg4 50. Nd4 Bd5 51. Nc2 Bxg3 52.
Bc1 e3+ 53. Kg1 f4 54. Bxe3 Be4 0-1

[Event "Santiago op"]
[Site "Santiago de Chile"]
[Date "1999.??.??"]
[Round "5"]
[White "Arancibia Guzman, Eduardo"]
[Black "Rodriguez Vila, Andres"]
[Result "0-1"]
[WhiteElo "2379"]
[BlackElo "2500"]
[PlyCount "38"]
[EventDate "1999.??.??"]
[EventType "swiss"]
[EventRounds "9"]
[EventCountry "CHI"]
[SourceTitle "EXT 2000"]
[Source "ChessBase"]
[SourceDate "1999.11.16"]
[SourceVersion "1"]
[SourceVersionDate "1999.11.16"]
[SourceQuality "1"]

1. e4 e6 2. d4 d5 3. Nc3 Bb4 4. e5 Ne7 5. a3 Bxc3+ 6. bxc3 b6 7. Nh3 c5 8. Nf4
Qc7 9. Nh5 O-O 10. Qg4 Ng6 11. Bd2 cxd4 12. cxd4 Qxc2 13. Ng3 Nc6 14. Rc1 Qa4
15. Rxc6 Qxc6 16. Bd3 Qa4 17. Nh5 Qxa3 18. Bc2 Ba6 19. Qg5 Qa1+ 0-1

[Event "Santiago op"]
[Site "Santiago de Chile"]
[Date "1999.??.??"]
[Round "6"]
[White "Rodriguez Vila, Andres"]
[Black "Vasquez Schroder, Rodrigo Rafael"]
[Result "1-0"]
[WhiteElo "2500"]
[BlackElo "2433"]
[PlyCount "61"]
[EventDate "1999.??.??"]
[EventType "swiss"]
[EventRounds "9"]
[EventCountry "CHI"]
[SourceTitle "EXT 2000"]
[Source "ChessBase"]
[SourceDate "1999.11.16"]
[SourceVersion "1"]
[SourceVersionDate "1999.11.16"]
[SourceQuality "1"]

1. e4 c6 2. d4 d5 3. e5 Bf5 4. Be2 e6 5. Nf3 Ne7 6. O-O h6 7. b3 Nd7 8. c4 Bh7
9. Nc3 Ng6 10. cxd5 cxd5 11. g3 Rc8 12. Bb2 Bb4 13. Rc1 O-O 14. a3 Be7 15. Ne1
f6 16. exf6 Bxf6 17. Bg4 Re8 18. Nf3 Kh8 19. Re1 Ngf8 20. a4 a6 21. Re3 Bg5 22.
Nxg5 Qxg5 23. Qe2 Bf5 24. Bxf5 Qxf5 25. Ba3 Nb8 26. Re5 Qf7 27. Bxf8 Rxf8 28.
Rxe6 Nc6 29. Rd1 Nxd4 30. Rxd4 Rxc3 31. Rf4 1-0

[Event "Santiago op"]
[Site "Santiago de Chile"]
[Date "1999.??.??"]
[Round "7"]
[White "Rodriguez Vila, Andres"]
[Black "Valenzuela Fuentealba, Luis"]
[Result "1/2-1/2"]
[WhiteElo "2500"]
[BlackElo "2419"]
[PlyCount "63"]
[EventDate "1999.??.??"]
[EventType "swiss"]
[EventRounds "9"]
[EventCountry "CHI"]
[SourceTitle "EXT 2000"]
[Source "ChessBase"]
[SourceDate "1999.11.16"]
[SourceVersion "1"]
[SourceVersionDate "1999.11.16"]
[SourceQuality "1"]

1. e4 c5 2. Nc3 Nc6 3. g3 g6 4. Bg2 Bg7 5. f4 d6 6. Nf3 Rb8 7. O-O b5 8. d3 b4
9. Ne2 Nf6 10. h3 O-O 11. g4 Nd4 12. Nexd4 cxd4 13. Qe1 Nd7 14. Bd2 a5 15. a3
Qc7 16. Rc1 bxa3 17. Bxa5 Qc6 18. bxa3 Rb2 19. e5 Rxc2 20. exd6 exd6 21. Bb4
Rxc1 22. Qxc1 Qa6 23. Ng5 Nc5 24. Bxc5 dxc5 25. Rd1 Bb7 26. Qxc5 Bxg2 27. Kxg2
h6 28. Nf3 Rc8 29. Qb4 Rc3 30. Qb8+ Rc8 31. Qb4 Rc3 32. Qb8+ 1/2-1/2

[Event "Santiago op"]
[Site "Santiago de Chile"]
[Date "1999.??.??"]
[Round "9"]
[White "Rodriguez Vila, Andres"]
[Black "Szmetan, Jorge"]
[Result "1/2-1/2"]
[WhiteElo "2500"]
[BlackElo "2403"]
[PlyCount "29"]
[EventDate "1999.??.??"]
[EventType "swiss"]
[EventRounds "9"]
[EventCountry "CHI"]
[SourceTitle "EXT 2000"]
[Source "ChessBase"]
[SourceDate "1999.11.16"]
[SourceVersion "1"]
[SourceVersionDate "1999.11.16"]
[SourceQuality "1"]

1. e4 Nf6 2. e5 Nd5 3. d4 d6 4. c4 Nb6 5. exd6 exd6 6. Nc3 Be7 7. Bd3 Nc6 8.
Nge2 Bg4 9. f3 Bh5 10. O-O O-O 11. b3 Re8 12. Be3 Bh4 13. Qd2 Qe7 14. Bf4 Bg6
15. Be4 1/2-1/2

[Event "Villa Martelli mt"]
[Site "Villa Martelli"]
[Date "1999.??.??"]
[Round "1"]
[White "Vera Gonzalez Quevedo, Reynaldo"]
[Black "Rodriguez Vila, Andres"]
[Result "1-0"]
[WhiteElo "2547"]
[BlackElo "2500"]
[PlyCount "29"]
[EventDate "1999.??.??"]
[EventType "match"]
[EventRounds "2"]
[EventCountry "ARG"]
[SourceTitle "EXT 2000"]
[Source "ChessBase"]
[SourceDate "1999.11.16"]
[SourceVersion "1"]
[SourceVersionDate "1999.11.16"]
[SourceQuality "1"]

1. d4 f5 2. Nc3 Nf6 3. Bg5 d5 4. Bxf6 exf6 5. e3 Be6 6. h4 h5 7. Nh3 Nc6 8. Nf4
Bf7 9. Bb5 Qd7 10. Qd3 g6 11. O-O-O Bh6 12. Na4 Qd6 13. Nc5 O-O-O 14. Ba6 Na5
15. b4 1-0

[Event "Villa Martelli op2"]
[Site "Villa Martelli"]
[Date "1999.??.??"]
[Round "2"]
[White "Rodriguez Vila, Andres"]
[Black "Gamarian, Gaguik"]
[Result "1-0"]
[WhiteElo "2500"]
[BlackElo "2130"]
[PlyCount "63"]
[EventDate "1999.??.??"]
[EventType "swiss"]
[EventRounds "9"]
[EventCountry "ARG"]
[SourceTitle "EXT 2001"]
[Source "ChessBase"]
[SourceDate "2000.11.22"]
[SourceVersion "1"]
[SourceVersionDate "2000.11.22"]
[SourceQuality "1"]

1. e4 e6 2. d4 d5 3. Nd2 dxe4 4. Nxe4 Nf6 5. Nxf6+ Qxf6 6. Nf3 h6 7. h4 c5 8.
Bg5 hxg5 9. hxg5 Qxf3 10. Qxf3 Rxh1 11. O-O-O Nc6 12. d5 exd5 13. g3 Rxf1 14.
Rxf1 Be6 15. Re1 O-O-O 16. g6 Rd7 17. Rxe6 fxe6 18. Qxf8+ Kc7 19. Qxc5 b6 20.
Qf8 Re7 21. f4 Kd7 22. g4 Nd4 23. c3 Ne2+ 24. Kc2 Ng3 25. Qb8 Kc6 26. f5 Ne4
27. Qe5 Nf6 28. g5 Nd7 29. Qe3 b5 30. b4 a6 31. fxe6 Kb7 32. exd7 1-0

[Event "Villa Martelli op2"]
[Site "Villa Martelli"]
[Date "1999.??.??"]
[Round "4"]
[White "Soppe, Guillermo"]
[Black "Rodriguez Vila, Andres"]
[Result "1-0"]
[WhiteElo "2448"]
[BlackElo "2500"]
[PlyCount "55"]
[EventDate "1999.??.??"]
[EventType "swiss"]
[EventRounds "9"]
[EventCountry "ARG"]
[SourceTitle "EXT 2001"]
[Source "ChessBase"]
[SourceDate "2000.11.22"]
[SourceVersion "1"]
[SourceVersionDate "2000.11.22"]
[SourceQuality "1"]

1. d4 e6 2. Nf3 Nf6 3. e3 b6 4. Bd3 Bb7 5. Nbd2 c5 6. O-O Nc6 7. c3 d5 8. Ne5
Nxe5 9. dxe5 Nd7 10. f4 Qc7 11. Qe2 O-O-O 12. a4 Kb8 13. a5 f6 14. axb6 axb6
15. exf6 gxf6 16. Nf3 Bd6 17. b4 e5 18. Bf5 e4 19. Nh4 cxb4 20. cxb4 Bxb4 21.
Ba3 Bxa3 22. Rxa3 Nc5 23. Rfa1 Nd3 24. Bh3 Qc5 25. Nf5 d4 26. exd4 Rxd4 27.
Nxd4 Qxd4+ 28. Kf1 1-0

[Event "Villa Martelli op2"]
[Site "Villa Martelli"]
[Date "1999.??.??"]
[Round "9"]
[White "Rodriguez Vila, Andres"]
[Black "Malbran, Guillermo"]
[Result "1-0"]
[WhiteElo "2500"]
[BlackElo "2386"]
[PlyCount "47"]
[EventDate "1999.??.??"]
[EventType "swiss"]
[EventRounds "9"]
[EventCountry "ARG"]
[SourceTitle "EXT 2001"]
[Source "ChessBase"]
[SourceDate "2000.11.22"]
[SourceVersion "1"]
[SourceVersionDate "2000.11.22"]
[SourceQuality "1"]

1. e4 Nf6 2. Nc3 d5 3. e5 Ne4 4. Nce2 d4 5. c3 Nc6 6. cxd4 Ng5 7. f4 Ne6 8. Nf3
g6 9. Qa4 a6 10. Qc4 Na5 11. Qc3 Nc6 12. g3 a5 13. Bg2 Nb4 14. O-O c6 15. d3 h5
16. Qb3 Nc7 17. Ng5 Nbd5 18. Nc3 e6 19. Bd2 Be7 20. Nge4 O-O 21. Qd1 Kg7 22. h3
Rh8 23. Qe2 Nb4 24. Be3 1-0

[Event "Villa Ballester op 49th"]
[Site "Villa Ballester"]
[Date "1999.??.??"]
[Round "2"]
[White "Albarran, Gustavo Eduardo"]
[Black "Rodriguez Vila, Andres"]
[Result "0-1"]
[WhiteElo "2180"]
[BlackElo "2500"]
[PlyCount "64"]
[EventDate "1999.01.??"]
[EventType "swiss"]
[EventRounds "9"]
[EventCountry "ARG"]
[SourceTitle "EXT 2002"]
[Source "ChessBase"]
[SourceDate "2001.11.25"]
[SourceVersion "1"]
[SourceVersionDate "2001.11.25"]
[SourceQuality "1"]

1. d4 f5 2. Bg5 d5 3. e3 c6 4. c4 Qb6 5. Qd2 e6 6. Nc3 Nd7 7. Bd3 g6 8. Nge2
Ngf6 9. Nf4 Kf7 10. f3 h6 11. Bxf6 Nxf6 12. c5 Qc7 13. Bc2 b6 14. b4 bxc5 15.
bxc5 Ba6 16. Bd3 Bc8 17. Bc2 Bg7 18. Nd3 Nd7 19. f4 Ba6 20. O-O Qa5 21. Rfb1
Rhb8 22. Ne5+ Nxe5 23. fxe5 h5 24. Ne4 Qa3 25. Nd6+ Kg8 26. Rb3 Rxb3 27. Bxb3
Bh6 28. Kf2 Rb8 29. Rc1 f4 30. exf4 Bxf4 31. Qc2 Kg7 32. Rd1 Rf8 0-1

[Event "Villa Ballester op 49th"]
[Site "Villa Ballester"]
[Date "1999.??.??"]
[Round "3"]
[White "Rodriguez Vila, Andres"]
[Black "Villarreal, Hector"]
[Result "1-0"]
[WhiteElo "2500"]
[BlackElo "2226"]
[PlyCount "95"]
[EventDate "1999.01.??"]
[EventType "swiss"]
[EventRounds "9"]
[EventCountry "ARG"]
[SourceTitle "EXT 2002"]
[Source "ChessBase"]
[SourceDate "2001.11.25"]
[SourceVersion "1"]
[SourceVersionDate "2001.11.25"]
[SourceQuality "1"]

1. e4 e5 2. Nf3 Nc6 3. Bc4 Nf6 4. d3 Bc5 5. c3 d6 6. Nbd2 O-O 7. b4 Bb6 8. O-O
Ne7 9. Bb3 c6 10. Re1 Ng6 11. Nf1 a5 12. h3 axb4 13. cxb4 Nh5 14. Bg5 Qe8 15.
Be3 Bxe3 16. Nxe3 Nhf4 17. d4 Qe7 18. Kh2 Qf6 19. d5 Ne7 20. dxc6 bxc6 21. Nc4
Be6 22. Re3 Rfd8 23. Qc2 Bxc4 24. Bxc4 d5 25. Bf1 d4 26. Rb3 h6 27. Qc5 Neg6
28. a4 Rac8 29. Rc1 Ne6 30. Qc2 c5 31. b5 Ngf4 32. b6 d3 33. Qd2 Ne2 34. Rc4
N6d4 35. Nxd4 Nxd4 36. Rb2 Qe6 37. Qxd3 Rb8 38. a5 Rdc8 39. b7 Rd8 40. a6 Nc6
41. Qc3 Nb4 42. Rxc5 Nxa6 43. Rc6 Rd6 44. Rc8+ Rd8 45. Bxa6 Qxa6 46. Rxd8+ Rxd8
47. b8=R Rxb8 48. Rxb8+ 1-0

[Event "Villa Ballester op 49th"]
[Site "Villa Ballester"]
[Date "1999.??.??"]
[Round "4"]
[White "Filgueira, Hernan"]
[Black "Rodriguez Vila, Andres"]
[Result "1/2-1/2"]
[WhiteElo "2395"]
[BlackElo "2500"]
[PlyCount "51"]
[EventDate "1999.01.??"]
[EventType "swiss"]
[EventRounds "9"]
[EventCountry "ARG"]
[SourceTitle "EXT 2002"]
[Source "ChessBase"]
[SourceDate "2001.11.25"]
[SourceVersion "1"]
[SourceVersionDate "2001.11.25"]
[SourceQuality "1"]

1. d4 f5 2. Bg5 c6 3. e3 Qb6 4. b3 g6 5. Nd2 Bg7 6. Bd3 d6 7. Ngf3 h6 8. Bf4
Nd7 9. e4 g5 10. Nc4 Qc7 11. Bd2 f4 12. e5 d5 13. Na3 g4 14. O-O gxf3 15. Qxf3
Nf8 16. Qh5+ Kd8 17. c4 e6 18. cxd5 exd5 19. Bxf4 Be6 20. Bd2 Qf7 21. Qh4+ Ne7
22. Bb4 Nh7 23. f4 Bf8 24. f5 Bc8 25. Rf2 Rg8 26. Nc2 1/2-1/2

[Event "Villa Ballester op 49th"]
[Site "Villa Ballester"]
[Date "1999.??.??"]
[Round "5"]
[White "Rodriguez Vila, Andres"]
[Black "Felgaer, Ruben Alejandro"]
[Result "1-0"]
[WhiteElo "2500"]
[BlackElo "2364"]
[PlyCount "130"]
[EventDate "1999.01.??"]
[EventType "swiss"]
[EventRounds "9"]
[EventCountry "ARG"]
[SourceTitle "EXT 2002"]
[Source "ChessBase"]
[SourceDate "2001.11.25"]
[SourceVersion "1"]
[SourceVersionDate "2001.11.25"]
[SourceQuality "1"]

1. e4 c5 2. Nc3 Nc6 3. g3 g6 4. Bg2 Bg7 5. f4 d6 6. d3 e6 7. Nf3 Nge7 8. O-O
O-O 9. Be3 Nd4 10. Bf2 Rb8 11. Nxd4 cxd4 12. Ne2 e5 13. c3 dxc3 14. bxc3 b6 15.
d4 Ba6 16. Re1 Qc7 17. Rc1 Bc4 18. Qd2 Rbd8 19. Rcd1 f5 20. exf5 gxf5 21. Nc1
e4 22. Nb3 Rc8 23. Rc1 Nd5 24. Qb2 b5 25. Nd2 Bd3 26. Qb3 Qc6 27. Nf1 Kh8 28.
Kh1 Bc4 29. Qb2 Qa6 30. a3 Rc7 31. Ne3 Nxe3 32. Bxe3 Bd3 33. Bh3 d5 34. Rg1 Qh6
35. Bg2 Rfc8 36. Qb3 Bc4 37. Qd1 Bf8 38. Ra1 Rg7 39. Qe1 a5 40. Bd2 Rgc7 41. h4
Qh5 42. Bh3 Rg7 43. Rg2 Bd3 44. Kh2 Bd6 45. a4 bxa4 46. Rxa4 Ra8 47. Qa1 e3 48.
Bxe3 Be4 49. Rxa5 Rag8 50. Ra8 Bb8 51. Bf2 Bxg2 52. Bxg2 Qe2 53. Qe1 Qb2 54.
Bxd5 Re7 55. Rxb8 Rxb8 56. Qxe7 Qxf2+ 57. Kh3 Qf1+ 58. Bg2 Qb5 59. d5 Qe8 60.
Qf6+ Kg8 61. d6 Qf7 62. Qe5 Qg7 63. Bd5+ Kh8 64. c4 h6 65. c5 Kh7 1-0

[Event "Villa Ballester op 49th"]
[Site "Villa Ballester"]
[Date "1999.??.??"]
[Round "6"]
[White "Rodriguez Vila, Andres"]
[Black "Slipak, Sergio"]
[Result "1-0"]
[WhiteElo "2500"]
[BlackElo "2521"]
[PlyCount "87"]
[EventDate "1999.01.??"]
[EventType "swiss"]
[EventRounds "9"]
[EventCountry "ARG"]
[SourceTitle "EXT 2002"]
[Source "ChessBase"]
[SourceDate "2001.11.25"]
[SourceVersion "1"]
[SourceVersionDate "2001.11.25"]
[SourceQuality "1"]

1. e4 c6 2. d4 d5 3. e5 Bf5 4. Nf3 e6 5. Be2 Nd7 6. O-O Bg6 7. Nbd2 Nh6 8. c3
Be7 9. g3 O-O 10. h4 f6 11. exf6 Bxf6 12. Nb3 Nf7 13. Nh2 Nd6 14. h5 Bf7 15. f4
c5 16. dxc5 Ne4 17. Kg2 e5 18. Ng4 exf4 19. Nxf6+ Qxf6 20. Bxf4 Ndxc5 21. Nxc5
Nxc5 22. h6 gxh6 23. Bf3 Ne4 24. Bxe4 dxe4 25. Bd6 Qg6 26. Bxf8 Rxf8 27. Qd4
Re8 28. Rf6 Qg7 29. Raf1 Bxa2 30. R1f4 Be6 31. Kh2 Qd7 32. Qxa7 Qd2+ 33. Rf2
Qg5 34. R6f4 Bg4 35. Qa2+ Be6 36. Qa4 Rd8 37. Rxe4 b5 38. Qb4 Qh5+ 39. Rh4 Qg5
40. Qa5 Re8 41. Qa7 Bd5 42. Qd7 Rd8 43. Qxb5 Qc1 44. Rg4+ 1-0

[Event "Villa Ballester op 49th"]
[Site "Villa Ballester"]
[Date "1999.??.??"]
[Round "7"]
[White "Sola, Ruben"]
[Black "Rodriguez Vila, Andres"]
[Result "0-1"]
[WhiteElo "2265"]
[BlackElo "2500"]
[PlyCount "126"]
[EventDate "1999.01.??"]
[EventType "swiss"]
[EventRounds "9"]
[EventCountry "ARG"]
[SourceTitle "EXT 2002"]
[Source "ChessBase"]
[SourceDate "2001.11.25"]
[SourceVersion "1"]
[SourceVersionDate "2001.11.25"]
[SourceQuality "1"]

1. Nf3 g6 2. e4 c5 3. d4 cxd4 4. Qxd4 Nf6 5. Bb5 Nc6 6. Bxc6 dxc6 7. Qxd8+ Kxd8
8. Nc3 Bg7 9. h3 Nd7 10. Bd2 e5 11. O-O-O f6 12. Be3 Kc7 13. Nd2 Bf8 14. f4 Bh6
15. g3 Nb6 16. Rdf1 Be6 17. Nd1 exf4 18. gxf4 f5 19. Bd4 Rhd8 20. Be5+ Kc8 21.
exf5 gxf5 22. Ne3 Nd7 23. Bc3 Nf8 24. h4 Ng6 25. Bf6 Rd7 26. Bg5 Bg7 27. h5 Nf8
28. Nb3 b6 29. Rd1 Kc7 30. Rxd7+ Bxd7 31. h6 Bh8 32. Rd1 Re8 33. Nc4 Re6 34. c3
c5 35. Kd2 Re4 36. Ne3 Ne6 37. Rf1 Nxg5 38. fxg5 Be5 39. Nc1 f4 40. Nd5+ Kd6
41. Nf6 Bxf6 42. gxf6 Ke6 43. Nd3 Kxf6 44. Nxf4 Bb5 45. Rf2 Kg5 46. Nd5 Re6 47.
Rg2+ Kxh6 48. Ne3 Rd6+ 49. Ke1 Bd7 50. Ke2 Rg6 51. Rxg6+ Kxg6 52. b4 cxb4 53.
cxb4 Kg5 54. Kf3 Bc6+ 55. Kg3 h5 56. Nc2 h4+ 57. Kh2 Bd7 58. Nd4 Kf4 59. b5 Ke4
60. Nc6 a5 61. a4 Kd5 62. Nb8 Bf5 63. Kg2 Kd6 0-1

[Event "Villa Ballester op 49th"]
[Site "Villa Ballester"]
[Date "1999.??.??"]
[Round "8"]
[White "Peralta, Fernando"]
[Black "Rodriguez Vila, Andres"]
[Result "1/2-1/2"]
[WhiteElo "2433"]
[BlackElo "2500"]
[PlyCount "92"]
[EventDate "1999.01.??"]
[EventType "swiss"]
[EventRounds "9"]
[EventCountry "ARG"]
[SourceTitle "EXT 2002"]
[Source "ChessBase"]
[SourceDate "2001.11.25"]
[SourceVersion "1"]
[SourceVersionDate "2001.11.25"]
[SourceQuality "1"]

1. d4 e6 2. c4 f5 3. g3 Nf6 4. Bg2 d5 5. Nf3 Bd6 6. O-O c6 7. Bf4 Bxf4 8. gxf4
O-O 9. e3 Bd7 10. Qb3 Qb6 11. Ne5 Be8 12. Nc3 Nbd7 13. Qc2 Nh5 14. Rac1 Kh8 15.
cxd5 exd5 16. Ne2 g6 17. a3 Ng7 18. b4 Ne6 19. Rb1 a6 20. Nd3 Qd8 21. a4 Nf6
22. f3 Nh5 23. Ng3 Nxg3 24. hxg3 Rg8 25. Ne5 Qf6 26. Bh3 Ng7 27. Kf2 Rf8 28.
Rh1 Qd8 29. Bf1 Ne6 30. Bd3 Rc8 31. Rh6 Rf6 32. Rbh1 Nf8 33. g4 fxg4 34. fxg4
Kg8 35. g5 Rd6 36. a5 Rc7 37. Qc5 Qe7 38. f5 Qd8 39. Ke2 Rg7 40. R1h2 Rc7 41.
Kd2 Rg7 42. R2h4 Rc7 43. Rf4 Qe7 44. fxg6 Nxg6 45. Bxg6 Bxg6 46. Rf7 Qd8
1/2-1/2

[Event "Villa Ballester op 49th"]
[Site "Villa Ballester"]
[Date "1999.??.??"]
[Round "9"]
[White "Rodriguez Vila, Andres"]
[Black "Labollita, Martin"]
[Result "1/2-1/2"]
[WhiteElo "2500"]
[BlackElo "2199"]
[PlyCount "41"]
[EventDate "1999.01.??"]
[EventType "swiss"]
[EventRounds "9"]
[EventCountry "ARG"]
[SourceTitle "EXT 2002"]
[Source "ChessBase"]
[SourceDate "2001.11.25"]
[SourceVersion "1"]
[SourceVersionDate "2001.11.25"]
[SourceQuality "1"]

1. e4 c5 2. Nf3 d6 3. d4 cxd4 4. Nxd4 Nf6 5. Nc3 a6 6. g3 e5 7. Nde2 b5 8. Bg2
Nbd7 9. h3 Be7 10. g4 O-O 11. Ng3 Nc5 12. Be3 Bb7 13. O-O g6 14. Qd2 Rc8 15.
Rad1 Ne6 16. a3 Nd7 17. Na2 Qc7 18. c3 Nb6 19. Qc1 Rfe8 20. Kh2 Red8 21. Qc2
1/2-1/2